| 000 | 01265cam a22003377a 4500 | ||
|---|---|---|---|
| 001 | 15160841 | ||
| 005 | 20170208142843.0 | ||
| 008 | 080130s2008 gw a b 001 0 eng | ||
| 010 | _a 2008921996 | ||
| 015 |
_aGBA813946 _2bnb |
||
| 016 | 7 |
_a014508675 _2Uk |
|
| 020 | _a9783540339694 (hbk.) | ||
| 020 | _a9783540342823 (E- ISBN) | ||
| 035 | _a(OCoLC)ocn191754717 | ||
| 040 |
_aUKM _cUKM _dBTCTA _dBAKER _dYDXCP _dOHX _dBWX _dOCLCQ _dDLC |
||
| 042 | _alccopycat | ||
| 050 | 0 | 0 |
_aTS173 _b.B47 2008 |
| 082 | 0 | 4 |
_a621 _222 _bBER |
| 100 | 1 |
_aBertsche, Bernd _q(Bernd) _93751 |
|
| 245 | 1 | 0 |
_aReliability in automotive and mechanical engineering : _bDetermination of component and system reliability / _cBernd Bertsche ; in collaboration with Alicia Schauz and Karsten Pickard. |
| 260 |
_aBerlin : _bSpringer, _cc2008. |
||
| 300 |
_axi, 492 p. : _bill. ; _c25 cm. |
||
| 500 | _a"VDI"--Cover. | ||
| 504 | _aIncludes bibliographical references and index. | ||
| 650 | 0 |
_aMechanical engineering. _93753 |
|
| 650 | 0 |
_aAutomobiles _xDesign and construction. _93754 |
|
| 650 | 0 |
_93752 _aReliability (Engineering) |
|
| 710 | 2 |
_aVerein Deutscher Ingenieure. _93755 |
|
| 942 |
_2ddc _cBB |
||
| 999 |
_c11315 _d11315 |
||